000 00271nam a2200097Ia 4500
001 723679
005 20250826163335.0
008 250824s9999 xx 000 0 und d
245 0 _aİNSANLAR İKİYE AYRILIR BEN VE DİĞERLERİ
_cSEDA ŞENER
260 _bCARPE DİEM YAYINLARI
999 _c723679
_d723679